Notas sobre la membresía de las cooperativas de producción agropecuaria de la Región Chorotega
Analiza las características de la población cooperativa de la Región Chorotega (provincia de Guanacaste), principalmente de las cooperativas de producción y de las de autogestión agropecuaria. Las características que se analizan son: edad y nivel de escolaridad, las cuales se relacionan con la varia...
保存先:
| フォーマット: | テキスト |
|---|---|
| 出版事項: |
s.l.e. :
|
| 主題: | |
| タグ: |
タグ追加
タグなし, このレコードへの初めてのタグを付けませんか!
|
MARC
| LEADER | 00000 a a2200000 04500 | ||
|---|---|---|---|
| 001 | 13366 | ||
| 003 | |||
| 040 | |||
| 090 | |a 027000 | ||
| 245 | |a Notas sobre la membresía de las cooperativas de producción agropecuaria de la Región Chorotega | ||
| 260 | |a s.l.e. : | ||
| 300 | |a 9 p. | ||
| 300 | |b **no definido** | ||
| 520 | |a Analiza las características de la población cooperativa de la Región Chorotega (provincia de Guanacaste), principalmente de las cooperativas de producción y de las de autogestión agropecuaria. Las características que se analizan son: edad y nivel de escolaridad, las cuales se relacionan con la variable 'responsabilidad del socio en la cooperativa'. El estudio se realizó debido a la paralización progresiva de las cooperativas de producción agropecuaria de la zona. EB/mb | ||
| 650 | |a REGION CHOROTEGA, CR | ||
| 650 | |a MOVIMIENTOS COOPERATIVOS | ||
| 650 | |a COOPERATIVAS DE PRODUCCION | ||
| 650 | |a POBLACION AGRICOLA | ||
| 650 | |a NIVELES DE ENSEÑANZA | ||
| 650 | |a POBLACION AGRICOLA | ||
| 650 | |a COOPERATIVAS DE PRODUCCION | ||
| 650 | |a EDAD | ||
| 650 | |a NIVELES DE ENSEÑANZA | ||
| 999 | |c 14509 |d 14509 | ||
